000 00623nam a2200217 a 4500
999 _c3163
_d3163
003 PK-NaQUE
005 20250520142812.0
008 250520b ||||| |||| 00| 0 eng d
020 _a0201154595 (Hardcover)
020 _a9780201154597 (Hardcover)
040 _cQUEST
082 _a512.5FRA
100 1 _aFraleigh, John B.
245 1 0 _aLinear Algebra
260 _aTokyo:
_bAddison-Wesley Educational Publishers Inc,
_c1987.
300 _aXV,477 p.
650 _aAlgebras, Linear
700 1 _aBeauregard, Raymond A.
856 4 0 _uhttp://10.10.170.122:8080/browse/book/27350
_yDownload eBook
942 _cBK
_2ddc